Armas pequeñas y países pequeños : (Record no. 188247)
[ view plain ]
| 000 -CABECERA | |
|---|---|
| campo de control de longitud fija | 01690nab a2200265 a 4500 |
| 005 - FECHA Y HORA DE LA ÚLTIMA TRANSACCIÓN | |
| campo de control | 20210219163102.0 |
| 008 - ELEMENTOS DE LONGITUD FIJA--INFORMACIÓN GENERAL | |
| campo de control de longitud fija | 991125s1985 mx 000 0 spa u |
| 035 ## - NÚMERO DE CONTROL DEL SISTEMA | |
| Número de control de sistema | UPN01000216147 |
| 049 ## - COLECCIÓN | |
| Colección | ART |
| 100 1# - ASIENTO PRINCIPAL--NOMBRE PERSONAL | |
| Nombre de persona | Alvarez Velasco, Carla |
| 100 1# - ASIENTO PRINCIPAL--NOMBRE PERSONAL | |
| Filiación | morena_alvarez@yahoo.com |
| 222 #0 - TÍTULO CLAVE | |
| Título clave | ICONOS : REVISTA DE CIENCIAS SOCIALES |
| 245 00 - MENCIÓN DE TÍTULO | |
| Título | Armas pequeñas y países pequeños : |
| Resto del título | armas de fuego en la agenda de seguridad internacional |
| 260 ## - PUBLICACIÓN, DISTRIBUCIÓN, ETC. | |
| Lugar de publicación, distribución, etc. | Quito, Ecuador |
| 300 ## - DESCRIPCIÓN FÍSICA | |
| Extensión | 139-159 |
| 362 0# - FECHAS DE PUBLICACIÓN Y/O DESIGNACIÓN SECUENCIAL | |
| Fecha de publicación y/o designación secuencial | 2016 Número 55 |
| 520 3# - NOTA DE RESUMEN, ETC. | |
| Sumario, etc. | Este artículo da cuenta de la entrada de las armas de fuego en la agenda internacional como una amenaza a la seguridad. Utilizando la propuesta teórica de la Escuela de Copenhague, se plantea que las armas pequeñas ganaron protagonismo a nivel global en el contexto internacional de la Posguerra Fría, gracias a los aportes de los países pequeños que se encontraban azotados por la violencia y a agentes no estatales. A nivel regional latinoamericano, aunque con importantes diferencias subregionales, las iniciativas de este subcontinente se convirtieron en un referente a seguir por el resto de naciones del mundo. En la actualidad, la energía positiva que impulsó la seguritización de las armas ha decaído, no obstante, el estudio de este proceso deja algunas lecciones relevantes tanto para la reflexión teórica como para el activismo político |
| 653 0# - TERMINO DE INDIZACION - NO CONTROLADO | |
| Término no controlado | ARMAS DE FUEGO |
| 653 0# - TERMINO DE INDIZACION - NO CONTROLADO | |
| Término no controlado | SEGURITIZACION |
| 653 0# - TERMINO DE INDIZACION - NO CONTROLADO | |
| Término no controlado | VIOLENCIA |
| 653 0# - TERMINO DE INDIZACION - NO CONTROLADO | |
| Término no controlado | AGENDA INTERNACIONAL |
| 856 4# - LOCALIZACIÓN Y ACCESO ELECTRÓNICOS | |
| Identificador Uniforme del Recurso | <a href="http://www.redalyc.org/articulo.oa?id=50945652007">http://www.redalyc.org/articulo.oa?id=50945652007</a> |
| 856 4# - LOCALIZACIÓN Y ACCESO ELECTRÓNICOS | |
| Identificador Uniforme del Recurso | <a href="https://dialnet.unirioja.es/servlet/articulo?codigo=5457262">https://dialnet.unirioja.es/servlet/articulo?codigo=5457262</a> |
| 905 ## - TIPO DE MATERIAL | |
| Tipo de material | Articulo |
No items available.
